Central Library OPAC University of Rajshahi

Electromagnetism : (Record no. 67633)

MARC details
000 -LEADER
fixed length control field 00764nam a2200253 a 4500
001 - CONTROL NUMBER
control field 67633
003 - CONTROL NUMBER IDENTIFIER
rucl marc code BD-RjUL
005 - DATE AND TIME OF LATEST TRANSACTION
control field 20211209081658.0
008 - FIXED-LENGTH DATA ELEMENTS--GENERAL INFORMATION
fixed length control field 170328s1979 caua b 001 0 eng
020 ## - INTERNATIONAL STANDARD BOOK NUMBER
International Standard Book Number 0716700646
035 ## - SYSTEM CONTROL NUMBER
System control number (BD-RjUL)67842
040 ## - CATALOGING SOURCE
Original cataloging agency DLC
Transcribing agency DLC
Modifying agency BD-RjUL
Language of cataloging eng
041 ## - LANGUAGE CODE
Language code of text/sound track or separate title eng
082 00 - DEWEY DECIMAL CLASSIFICATION NUMBER
Classification number 537
Edition number 23
Author mark and year LOE 1979
100 1# - MAIN ENTRY--PERSONAL NAME
Personal name Lorrain, Paul.
9 (RLIN) 200528
245 10 - TITLE STATEMENT
Title Electromagnetism :
Remainder of title principles and applications /
Statement of responsibility, etc. Paul Lorrain and Dale R. Corson.
260 ## - PUBLICATION, DISTRIBUTION, ETC. (IMPRINT)
Place of publication, distribution, etc. San Francisco :
Name of publisher, distributor, etc. W. H. Freeman,
Date of publication, distribution, etc. c1979.
300 ## - PHYSICAL DESCRIPTION
Pagination xiv, 507 p. :
Illustrations ill. ;
Size 24 cm.
504 ## - BIBLIOGRAPHY, ETC. NOTE
Bibliography, etc Includes index and bibliography
650 #0 - SUBJECT ADDED ENTRY--TOPICAL TERM
Topical term or geographic name as entry element Electromagnetism.
9 (RLIN) 118530
700 1# - ADDED ENTRY--PERSONAL NAME
Personal name Corson, Dale R.,
Relator term joint author.
942 ## - ADDED ENTRY ELEMENTS (KOHA)
Source of classification or shelving scheme Dewey Decimal Classification
Koha item type Books
Holdings
Lost status Source of classification or shelving scheme Damaged status Not for loan Collection code Permanent Location Current Location Shelving location Date acquired Source of acquisition Cost, normal purchase price Total Checkouts Full call number Date last seen Copy number Koha item type
  Dewey Decimal Classification   Not For Loan Non-fiction Central Library, University of Rajshahi Central Library, University of Rajshahi Reading Room 17/10/1984 Tappan 17.50   537 LOE 1979 28/03/2017 C-1 Books